Detalles MARC
| 000 -CABECERA |
| campo de control de longitud fija |
01935nam a2200253 i 4500 |
| 001 - NÚMERO DE CONTROL |
| campo de control |
18324 |
| 003 - IDENTIFICADOR DEL NÚMERO DE CONTROL |
| campo de control |
DO-SdUEMH |
| 005 - FECHA Y HORA DE LA ÚLTIMA TRANSACCIÓN |
| campo de control |
20260112193315.0 |
| 007 - CAMPO FIJO DE DESCRIPCIÓN FÍSICA--INFORMACIÓN GENERAL |
| campo de control de longitud fija |
ta |
| 008 - DATOS DE LONGITUD FIJA--INFORMACIÓN GENERAL |
| campo de control de longitud fija |
260112b1993 dr |||gr|||| 00| 0 spa d |
| 020 ## - NÚMERO INTERNACIONAL ESTÁNDAR DEL LIBRO |
| Número Internacional Estándar del Libro |
9506951500 |
| 040 ## - FUENTE DE LA CATALOGACIÓN |
| Centro catalogador/agencia de origen |
DO-SdUEMH |
| Lengua de catalogación |
spa |
| Normas de descripción |
rda |
| 041 ## - CÓDIGO DE LENGUA |
| Código de lengua del texto/banda sonora o título independiente |
spa |
| Código de lengua original |
eng |
| 082 14 - NÚMERO DE LA CLASIFICACIÓN DECIMAL DEWEY |
| Colección |
Colección General |
| Número de documento/Ítem |
H824f |
| 100 ## - ENTRADA PRINCIPAL--NOMBRE DE PERSONA |
| Término indicativo de función/relación |
autor |
| 245 40 - MENCIÓN DE TÍTULO |
| Título |
Los fundamentos morales de la república norteamericana / |
| Mención de responsabilidad, etc. |
Robert H. Horwitz |
| 264 01 - PRODUCCIÓN, PUBLICACIÓN, DISTRIBUCIÓN, FABRICACIÓN Y COPYRIGHT |
| Lugar de producción, publicación, distribución, fabricación |
Buenos Aires, Argentina : |
| Nombre del de productor, editor, distribuidor, fabricante |
REI, |
| Fecha de producción, publicación, distribución, fabricación o copyright |
1993 |
| 300 ## - DESCRIPCIÓN FÍSICA |
| Extensión |
375 paginas ; |
| Dimensiones |
23 cm. |
| 336 ## - TIPO DE CONTENIDO |
| Fuente |
rdacontent |
| Término de tipo de contenido |
texto |
| Código de tipo de contenido |
txt |
| 337 ## - TIPO DE MEDIO |
| Fuente |
rdamedia |
| Nombre del tipo de medio |
sin mediación |
| Código del tipo de medio |
n |
| 338 ## - TIPO DE SOPORTE |
| Fuente |
rdacarrier |
| Nombre del tipo de soporte |
volumen |
| Código del tipo de soporte |
nc |
| 505 #1 - NOTA DE CONTENIDO CON FORMATO |
| Nota de contenido con formato |
Prefacio a la tercera edición -- Los fundamentos morales de la República Norteamericana / Will Morrisey -- Acerca de hombres y ángeles: una búsqueda de moralidad en la constitución / Robert A. Goldwin -- La república comprometida: falta de propósitos públicos en los Estados Unidos de América / Benjamin R. Barber -- Los padres fundadores: una era de realismo / Richard Hofstadter -- Ética y política: el modo norteamericano / Martin Diamond -- La democratización de la mentalidad en la Revolución de los Estados Unidos / Gordon S. Wood -- John Locke y la preservación de la libertad: un perenne problema de educación cívica / Robert H. Horwitz -- Los Estados Unidos como régimen y las fuentes del modo de vida norteamericano / Joseph Cropsey -- Locke y el problema de la religión civil / Michael P. Zuckert -- La religión y el principio fundamental / Walter Berns -- Acerca de la remoción de ciertos impedimentos a la democracia en los Estados Unidos / Robert A. Dahl -- En defensa del constitucionalismo republicano: una réplica de Dahl / James C. Ceaser -- De la igualdad como fundamento moral de la comunidad / Wilson Carey McWilliams -- La esclavitud y los fundamentos morales de la República Norteamericana / Herbert J. Storing. |
| 942 ## - ELEMENTOS DE PUNTO DE ACCESO ADICIONAL (KOHA) |
| Fuente del sistema de clasificación o colocación |
Dewey Decimal Classification |
| Suprimir en OPAC |
No |
| Tipo de ítem Koha |
Libro |